MLB 2021 Starting Pitcher Rankings - Statistics

General Stats
  • This quiz has been taken 87 times
  • The average score is 57 of 150
Answer Stats
Hint Team Answer % Correct
2. NYY Gerrit Cole
100%
Aces 1. NYM Jacob deGrom
100%
4. WAS Max Scherzer
98%
8. LAD Clayton Kershaw
96%
3. CLE Shane Bieber
94%
5. SD Yu Darvish
92%
7. PHI Aaron Nola
89%
6. CHW Lucas Giolito
83%
Third Starters 1. LAD Walker Buehler
83%
11. MIL Brandon Woodruff
81%
9. TOR Hyun Jin Ryu
81%
Second Starters 1. SD Blake Snell
77%
2. LAD Trevor Bauer
77%
12. HOU Zach Greinke
77%
3. MIL Corbin Burnes
75%
6. NYM Marcus Stroman
75%
17. ATL Max Fried
75%
7. PHI Zach Wheeler
75%
20. SF Kevin Gausman
72%
5. CHW Lance Lynn
72%
15. CIN Luis Castillo
72%
4. WAS Stephen Strasburg
72%
21. COL German Marquez
70%
19. CHC Kyle Hendricks
70%
10. TB Tyler Glasnow
70%
18. COL Jon Gray
68%
5. CIN Sonny Gray
68%
13. MIN Kenta Maeda
66%
25. BOS Nathan Eovaldi
66%
14. STL Jack Flaherty
64%
24. MIA Sandy Alcantara
64%
9. ATL Charlie Morton
62%
22. BAL John Means
62%
28. STL Adam Wainwright
60%
13. NYY Corey Kluber
60%
28. DET Mathew Boyd
58%
18. ARI Zac Gallen
58%
3. WAS Patrick Corbin
57%
3. CHW Carlos Rodon
55%
16. LAA Dylan Bundy
55%
2. LAD Julio Urias
55%
11. SF Aaron Sanchez
51%
13. MIL Brett Anderson
51%
13. PHI Chase Anderson
51%
6. ATL Ian Anderson
51%
26. SEA Marco Gonzales
51%
26. PIT Tyler Anderson
51%
23. OAK Chris Bassitt
49%
8. MIN Jose Berrios
49%
8. OAK Sean Manaea
49%
27. KC Brad Keller
47%
10. HOU Lance McCullers Jr.
47%
25. PIT Mitch Keller
47%
29. TEX Kyle Gibson
45%
4. NYM Tajuan Walker
45%
2. SD Dinelson Lamet
43%
Fourth Starters 1. SD Joe Musgrove
43%
8. CHW Dylan Cease
42%
8. NYY Jameson Taillon
40%
27. BAL Jorge Lopez
40%
27. MIA Pablo Lopez
40%
12. CLE Zach Plesac
40%
16. CHW Dallas Keuchel
38%
Fifth Starters 1. LAD Dustin May
38%
20. SF Johny Cueto
38%
29. HOU Luis Garcia
38%
17. KC Brady Singer
36%
15. DET Casey Mize
36%
30. PIT Chad Kuhl
36%
2. SD Chris Paddack
36%
5. MIL Freddy Peralta
36%
19. CHC Jake Arrieta
36%
15. SEA Yusei Kikuchi
36%
6. SF Anthony DeSclafani
32%
3. KC Danny Duffy
32%
10. OAK Jose Luzardo
30%
21. SF Logan Webb
30%
14. TB Ryan Yarbrough
30%
9. CLE Aaron Civale
28%
21. LAA Andrew Heaney
28%
4. OAK Frankie Montas
28%
11. KC Mike Minor
28%
10. CIN Wade Miley
28%
11. NYY Jordan Montgomery
26%
9. CHC Trevor Williams
26%
4. CIN Tyler Mahle
26%
23. LAA Alex Cobb
25%
23. COL Chi Chi Gonzalez
25%
17. HOU Cristian Javier
25%
12. NYY Domingo German
25%
20. LAA Jose Quintana
25%
20. MIA Trevor Rodgers
25%
14. PHI Zach Eflin
25%
7. HOU Jose Urquidy
23%
30. BAL Matt Harvey
23%
25. ARI Merrill Kelly
23%
7. MIN Michael Pineda
23%
24. DET Tarik Skubal
23%
13. TOR Steven Matz
21%
7. CLE Triston McKenzie
21%
11. CHC Zach Davies
21%
24. TB Micheal Wacha
19%
25. COL Antonio Senzatela
17%
26. STL Carlos Martinez
17%
27. NYM David Peterson
17%
17. LAA Griffin Canning
17%
16. ARI Luke Weaver
17%
22. ARI Madison Bumgardner
17%
19. TB Rich Hill
17%
23. TOR Ross Stripling
17%
27. TOR Tanner Roark
17%
15. MIL Adrian Houser
15%
12. WAS Joe Ross
15%
17. SEA Justus Sheffield
15%
5. STL Kwang Hyun Kim
15%
10. TEX Mike Foltynewicz
15%
28. SEA Chris Flexen
13%
6. TEX Dane Dunning
13%
16. WAS Erick Fedde
13%
30. BOS Garrett Richards
13%
28. ATL Huascar Ynoa
13%
14. MIN J.A. Happ
13%
22. TEX Jordan Lyles
13%
15. IND Logan Allen
13%
19. BOS Martin Perez
13%
22. MIN Matt Shoemaker
13%
20. BAL Dean Kremer
11%
25. NYM Joey Lucchesi
11%
23. BOS Nick Pivetta
11%
26. CHC Adbert Alzolay
9%
12. COL Austin Gomber
9%
29. TEX Kohei Arihara
9%
14. ATL Kyle Wright
9%
24. PIT Trevor Cahill
9%
29. BAL Bruce Zimmermann
8%
9. STL John Gant
8%
21. DET Jose Urena
8%
19. PIT J.T. Brubaker
8%
18. DET Julio Teheran
8%
28. PHI Matt Moore
8%
22. SEA Nick Margevicius
8%
24. BOS Tanner Houck
8%
26. OAK Cole Irvin
6%
18. KC Jakob Junis
6%
18. CIN Jeff Hoffman
6%
21. TB Josh Fleming
6%
30. MIA Daniel Castano
2%
16. ARI Taylor Widener
2%
29. TOR T.J. Zeuch
2%
30. MIA Nick Neidert
0%
No matching quizzes found
Score Distribution
Percent of People with Each Score
Percentile by Number Answered
Your Score History
You have not taken this quiz